Statistics for The Twelve Days Of Christmas

Click here to take the quiz!

General Stats

  • This quiz has been taken 55 times
  • The average score is 398 of 442

Answer Stats

Answer% Correct
day
98%
first
98%
of
98%
On
98%
on
98%
the
98%
a
96%
christmas
96%
Christmas
96%
love
96%
my
96%
pear
96%
tree.
96%
tree
96%
true
96%
four
93%
in
93%
me
93%
partridge
93%
rings
93%
six
93%
to
93%
five
91%
Five
91%
golden
91%
hens
91%
second
91%
seven
91%
three
91%
two
91%
doves
89%
eight
89%
nine
89%
ten
89%
third
89%
turtle
89%
and
87%
french
87%
seventh
87%
sixth
87%
twelve
87%
birds
84%
eleven
84%
fourth
84%
calling
82%
ninth
82%
tenth
82%
drumming
80%
eleventh
80%
fifth
80%
laying
80%
maids
80%
milking
80%
drummers
78%
geese
78%
leaping
78%
lords
78%
piping
78%
eighth
76%
pipers
76%
swans
76%
dancing
73%
swimming
73%
ladies
71%
sent
69%
twelfth
69%

Score Distribution

Percentile by Number Answered

Percent of People with Each Score

Your Score History

You have not taken this quiz